Operations Management (Record no. 6070)

MARC details
000 -LEADER
fixed length control field 00292nam a2200121Ia 4500
008 - FIXED-LENGTH DATA ELEMENTS--GENERAL INFORMATION
fixed length control field 191201s2013 xx 000 0 und d
100 ## - MAIN ENTRY--PERSONAL NAME
Personal name GAITHER, Norman
245 #0 - TITLE STATEMENT
Title Operations Management
260 ## - PUBLICATION, DISTRIBUTION, ETC. (IMPRINT)
Place of publication, distribution, etc N. delhi
Name of publisher, distributor, etc Cengage Learning
Date of publication, distribution, etc 2013
300 ## - PHYSICAL DESCRIPTION
Extent 811
650 ## - SUBJECT ADDED ENTRY--TOPICAL TERM
Topical term or geographic name as entry element BBA
942 ## - ADDED ENTRY ELEMENTS (KOHA)
Source of classification or shelving scheme Dewey Decimal Classification
Koha item type Text Books
942 ## - ADDED ENTRY ELEMENTS (KOHA)
-- 1
Holdings
Withdrawn status Lost status Source of classification or shelving scheme Damaged status Not for loan Collection code Home library Current library Date acquired Source of acquisition Cost, normal purchase price Bill Number Total Checkouts Full call number Acc. no. / Barcode Date last seen Actual Cost, discounted price Bill Date Koha item type Checked out Date last borrowed Public note
    Dewey Decimal Classification     BBA PIET C-LIBRARY PIET C-LIBRARY 19/01/2015 KIRTI PRAKASHAN, NEW DELHI 725.00 IN2080   658.5 GAO 25059 04/12/2019 507.50 12/01/2015 Text Books      
    Dewey Decimal Classification     BBA PIET C-LIBRARY PIET C-LIBRARY 02/06/2015 KIRTI PRAKASHAN, NEW DELHI 725.00 IN2168   658.5 GAO 25295 04/12/2019 507.50 04/02/2015 Text Books      
    Dewey Decimal Classification     BBA PIET C-LIBRARY PIET C-LIBRARY 02/06/2015 KIRTI PRAKASHAN, NEW DELHI 725.00 IN2168 1 658.5 GAO 25296 22/01/2022 507.50 04/02/2015 Text Books 21/07/2022 22/01/2022 .
    Dewey Decimal Classification     BBA PIET C-LIBRARY PIET C-LIBRARY 02/06/2015 KIRTI PRAKASHAN, NEW DELHI 725.00 IN2168 1 658.5 GAO 25297 08/02/2025 507.50 04/02/2015 Text Books   13/01/2024  
    Dewey Decimal Classification     BBA PIET C-LIBRARY PIET C-LIBRARY 02/06/2015 KIRTI PRAKASHAN, NEW DELHI 725.00 IN2168   658.5 GAO 25298 04/12/2019 507.50 04/02/2015 Text Books      

Design & Developed by: PIET Central Library
R70 Miles Stone Pattikalyana Samalkha Panipat 132102
mail ID :- [email protected], Phone No:- 0180-2569700 Ex.216